000 00590cam a22002053a 4500
001 38624
003 PGUSA
005 20140828083842.0
008 120120s2012||||xxu|||||s|||||000 | eng d
040 _aPGUSA
_beng
042 _adc
100 1 _aWood, Henry
_cMrs
245 1 4 _aThe Story of Charles Strange Vol. 2 (of 3) :
_bA Novel
_h[electronic resource] /
_cHenry Wood
260 _bProject Gutenberg,
_c2012
506 _aPublic domain in the USA.
516 _aElectronic text
830 0 _aProject Gutenberg
_v38624
856 4 0 _uhttp://www.gutenberg.org/ebooks/38624
942 _cEB
999 _c267878
_d267878